Catálogo

El desarrollo autónomo del niño preescolar y su constitución como sujeto social / (Registro nro. 42651)

Detalles MARC
000 -LEADER
fixed length control field 01027cam a2200289 i 4500
001 - CONTROL NUMBER
control field 42651
003 - CONTROL NUMBER IDENTIFIER
control field Mx-PuUPA
005 - DATE AND TIME OF LATEST TRANSACTION
control field 20211013100254.0
008 - FIXED-LENGTH DATA ELEMENTS--GENERAL INFORMATION
fixed length control field 140415s2008 gjm gr 001 0 spa d
020 ## - INTERNATIONAL STANDARD BOOK NUMBER
Qualifying information en trámite
040 ## - CATALOGING SOURCE
Original cataloging agency Mx-PuUPA
Language of cataloging spa
Transcribing agency Mx-PuUPA
Modifying agency Mx-PuUPA
Description conventions rda
041 0# - LANGUAGE CODE
Language code of text/sound track or separate title spa
043 ## - GEOGRAPHIC AREA CODE
Geographic area code n-mx-gj
100 1# - MAIN ENTRY--PERSONAL NAME
Personal name García Gallegos, Diana,
9 (RLIN) 11394
Relator term autor
245 13 - TITLE STATEMENT
Title El desarrollo autónomo del niño preescolar y su constitución como sujeto social /
Statement of responsibility, etc. Diana García Gallegos
250 ## - EDITION STATEMENT
Edition statement Primera edición
264 #1 - PRODUCTION, PUBLICATION, DISTRIBUTION, MANUFACTURE, AND COPYRIGHT NOTICE
Place of production, publication, distribution, manufacture [Guanajuato, México] :
Name of producer, publisher, distributor, manufacturer Benemérita y Centenaria Escuela Nacional Oficial de Guanajuato,
Date of production, publication, distribution, manufacture, or copyright notice 2008
300 ## - PHYSICAL DESCRIPTION
Extent 267 páginas ;
Dimensions 22 cm
336 ## - CONTENT TYPE
Fuente rdacontent
Content type term texto
Content type code txt
337 ## - MEDIA TYPE
Source rdamedia
Media type term sin medio
Media type code n
338 ## - CARRIER TYPE
Source rdacarrier
Carrier type term volumen
Carrier type code nc
650 #4 - SUBJECT ADDED ENTRY--TOPICAL TERM
Topical term or geographic name entry element Desarrollo infantil
General subdivision Aspectos sociales
942 ## - ADDED ENTRY ELEMENTS (KOHA)
Source of classification or shelving scheme Dewey Decimal Classification
Classification part 305.233
Item part G212
Koha item type Libro
Existencias
Withdrawn status Lost status Source of classification or shelving scheme Damaged status Not for loan Collection code Home library Current library Shelving location Date acquired Source of acquisition Total Checkouts Total Renewals Full call number Barcode Date last seen Date last checked out Price effective from Koha item type
    Dewey Decimal Classification     General Biblioteca Karol Wojtyla Biblioteca Karol Wojtyla Sala general 03/12/2013 Donación 3 2 305.233 G212 2008 64040 05/01/2026 13/09/2025 03/12/2013 Libro